[Event "Barceloneta op"]
[Site "Barcelona"]
[Date "2001.10.27"]
[Round "5"]
[White "Fernandez Ortiz, Lino"]
[Black "Munoz Cuesta, Emilio Josep"]
[Result "1-0"]
[WhiteElo "2070"]
[BlackElo "1795"]
[PlyCount "73"]
[EventDate "2001.09.29"]
[EventType "swiss"]
[EventRounds "9"]
[EventCountry "ESP"]
[SourceTitle "CBM 085 Extra"]
[Source "ChessBase"]
[SourceDate "2002.01.21"]
[SourceVersion "1"]
[SourceVersionDate "2002.01.21"]
[SourceQuality "1"]

1. e4 c5 2. Nf3 Nc6 3. d4 cxd4 4. Nxd4 e5 5. Nf5 d5 6. Ng3 Nf6 7. exd5 Nxd5 8. Bc4 Be6 9. Qe2 Rc8 10. c3 Be7 11. 0-0 Qc7 12. Bxd5 Bxd5 13. Nf5 Bf6 14. Rd1 Rd8 15. Nd2 0-0 16. Nf1 Be6 17. N5e3 Rxd1 18. Nxd1 Rd8 19. Ng3 Bc4 20. Qg4 g6 21. Bh6 Be6 22. Qf3 Be7 23. Ne4 f5 24. Ng5 Bd5 25. Qg3 Bxa2 26. Ne3 f4 27. Qg4 fxe3 28. Rxa2 exf2+ 29. Kf1 Nd4 30. cxd4 Qc4+ 31. Kxf2 Rf8+ 32. Bxf8 Bxg5 33. Qxg5 Kxf8 34. Qf6+ Kg8 35. Qd8+ Kf7 36. Ra3 Qc2+ 37. Kg3 1-0